<?xml version="1.0" encoding="UTF-8"?>
<marc:record xmlns:marc="http://www.loc.gov/MARC21/slim">
   <marc:leader>00000nam a2200000 a 4500</marc:leader>
   <marc:datafield ind1="1" ind2=" " tag="100">
      <marc:subfield code="a">Laurent, Jean Jacques</marc:subfield>
      <marc:subfield code="4">aut</marc:subfield>
      <marc:subfield code="e">Verfasser/-in</marc:subfield>
   </marc:datafield>
   <marc:datafield ind1="0" ind2="0" tag="245">
      <marc:subfield code="a">Elsässer Machenschaften</marc:subfield>
   </marc:datafield>
   <marc:datafield ind1="0" ind2="0" tag="245">
      <marc:subfield code="b">Ein Fall für Major Jules Gabin</marc:subfield>
   </marc:datafield>
   <marc:datafield ind1="0" ind2="0" tag="245">
      <marc:subfield code="c">Jean Jacques Laurent</marc:subfield>
   </marc:datafield>
   <marc:datafield ind1=" " ind2="1" tag="264">
      <marc:subfield code="a">München</marc:subfield>
      <marc:subfield code="b">Piper</marc:subfield>
      <marc:subfield code="c">2022</marc:subfield>
   </marc:datafield>
   <marc:datafield ind1="1" ind2=" " tag="490">
      <marc:subfield code="a">Jules-Gabin-Reihe</marc:subfield>
      <marc:subfield code="v">6</marc:subfield>
   </marc:datafield>
   <marc:datafield ind1=" " ind2=" " tag="250">
      <marc:subfield code="a">1.. Auflage</marc:subfield>
   </marc:datafield>
   <marc:datafield ind1="1" ind2=" " tag="520">
      <marc:subfield code="a">Angaben aus der Verlagsmeldung

Elsässer Machenschaften : Ein Fall für Major Jules Gabin / von Jean Jacques Laurent

Beim entspannten Fahrradfahren in den Weinbergen um Colmar wird Major Jules Gabin Zeuge eines Autounfalls: Vor seinen Augen verunglückt der Klatschkolumnist Yves Morel tödlich. Der herbeigerufene Feuerwehrchef Claude erkennt Hinweise auf Manipulation am Auto, und prompt ist Jules wieder in eine Mordermittlung verstrickt. Die heißeste Spur führt in den berühmten Storchenpark Colmars und direkt zur neuen Parkbesitzerin, der Influencerin Chloé. Die berühmte YouTuberin scheint etwas zu verbergen. Versuchte sie, Yves Morel aus dem Weg zu räumen, weil er ihr Geheimnis kannte?

Major Jules Gabin ermittelt:

Band 1: Elsässer Erbschaften
Band 2: Elsässer Sünden
Band 3: Elsässer Versuchungen
Band 4: Elsässer Verfehlungen
Band 5: Elsässer Intrigen
Band 6: Elsässer Machenschaften

Alle Bände sind in sich abgeschlossene Fälle und können unabhängig voneinander gelesen werden.

</marc:subfield>
   </marc:datafield>
   <marc:datafield ind1=" " ind2=" " tag="020">
      <marc:subfield code="a">9783492317498</marc:subfield>
      <marc:subfield code="9">9783492317498</marc:subfield>
   </marc:datafield>
   <marc:datafield ind1=" " ind2=" " tag="020">
      <marc:subfield code="a">3492317499</marc:subfield>
      <marc:subfield code="9">3492317499</marc:subfield>
   </marc:datafield>
   <marc:datafield ind1=" " ind2=" " tag="041">
      <marc:subfield code="a">ger</marc:subfield>
   </marc:datafield>
   <marc:datafield ind1=" " ind2=" " tag="300">
      <marc:subfield code="a">368 Seiten</marc:subfield>
   </marc:datafield>
</marc:record>
